[Event "17th EUR-ch"]
[Site "Gjakova KOS"]
[Date "2016.05.19"]
[Round "7.34"]
[White "Sturua, Zurab"]
[Black "Kryvoruchko, Yuriy"]
[Result "0-1"]
[WhiteElo "2548"]
[BlackElo "2691"]
[EventDate "2016.05.12"]
[PlyCount "94"]

1.d4 Nf6 2.c4 e6 3.Nf3 d5 4.Nc3 Nbd7 5.cxd5 exd5 6.Bf4 Nb6 7.Qc2 c6 8.e3 
Nh5 9.Be5 f6 10.Bg3 Be6 11.Bd3 g6 12.Bh4 g5 13.Bg3 Qd7 14.Nd2 O-O-O 15.
O-O-O Nxg3 16.hxg3 h5 17.Nb3 Qg7 18.Bf5 Bxf5 19.Qxf5+ Kb8 20.Rh3 Nc4 21.
Rdh1 Nd6 22.Qc2 Qf7 23.Nc5 f5 24.Nd3 Bg7 25.Qd1 g4 26.R3h2 Rh6 27.Qc2 Ne4 
28.Kb1 Bf6 29.Ne2 Rdh8 30.a3 R8h7 31.Qc1 Qg7 32.Ka2 Qh8 33.Qc2 Be7 34.f3 
Nd6 35.Ndf4 Bg5 36.Qd3 Qe8 37.Nc3 Re7 38.Nd1 Reh7 39.Qc3 Bxf4 40.exf4 Re7 
41.Qb4 Re2 42.Nc3 a5 43.Qb3 Rd2 44.Nd1 Nc4 45.fxg4 fxg4 46.Rf1 Re6 47.f5 
Re1 0-1

[Event "17th EUR-ch"]
[Site "Gjakova KOS"]
[Date "2016.05.19"]
[Round "7.35"]
[White "Boruchovsky, Avital"]
[Black "Hammer, Jon Ludvig"]
[Result "0-1"]
[WhiteElo "2542"]
[BlackElo "2689"]
[EventDate "2016.05.12"]
[PlyCount "70"]

1.d4 Nf6 2.c4 g6 3.Nc3 d5 4.cxd5 Nxd5 5.e4 Nxc3 6.bxc3 Bg7 7.Bb5+ c6 8.Ba4
O-O 9.Ne2 c5 10.d5 e6 11.Be3 b6 12.Bb3 Qh4 13.Qc2 Ba6 14.dxe6 c4 15.Ba4 b5
16.Qd2 fxe6 17.Bc2 Rd8 18.Nd4 e5 19.Bg5 Qg4 20.Bd1 Qxg2 21.Bf3 Qh3 22.Bxd8
exd4 23.Qg5 Qxf3 24.Qd5+ Kh8 25.O-O Qg4+ 26.Kh1 Qf3+ 27.Kg1 Nc6 28.Qxc6 
Qg4+ 29.Kh1 Qf3+ 30.Kg1 Rxd8 31.Qxa6 Be5 32.Qe6 Qf4 33.Qh3 dxc3 34.Rfd1 
Rxd1+ 35.Rxd1 c2 0-1

[Event "17th EUR-ch"]
[Site "Gjakova KOS"]
[Date "2016.05.19"]
[Round "7.36"]
[White "Sargissian, Gabriel"]
[Black "Stupak, Kirill"]
[Result "1/2-1/2"]
[WhiteElo "2689"]
[BlackElo "2535"]
[EventDate "2016.05.12"]
[PlyCount "46"]

1.c4 Nf6 2.g3 g6 3.Bg2 Bg7 4.Nf3 O-O 5.d4 c6 6.O-O d5 7.b3 Bf5 8.Bb2 Nbd7 
9.cxd5 cxd5 10.Nc3 Rc8 11.Rc1 Nb8 12.Ne5 Ne4 13.Nxe4 Bxe4 14.Bh3 Rxc1 15.
Qxc1 Qb6 16.Qc3 Rd8 17.Ba3 Bxe5 18.dxe5 d4 19.Qd2 Nc6 20.e6 f5 21.Bb2 Rd6 
22.Rd1 Rxe6 23.Bxd4 Nxd4 1/2-1/2

[Event "17th EUR-ch"]
[Site "Gjakova KOS"]
[Date "2016.05.19"]
[Round "7.37"]
[White "Antal, Gergely"]
[Black "Fedoseev, Vladimir"]
[Result "1/2-1/2"]
[WhiteElo "2539"]
[BlackElo "2685"]
[EventDate "2016.05.12"]
[PlyCount "39"]

1.e4 e6 2.d4 d5 3.Nd2 c5 4.exd5 Qxd5 5.dxc5 Bxc5 6.Ngf3 Nf6 7.Bc4 Qc6 8.
Qe2 O-O 9.O-O a6 10.Nb3 Bd6 11.Bg5 b5 12.Bd3 Nbd7 13.c4 bxc4 14.Bxc4 h6 
15.Be3 Nb6 16.Na5 Qc7 17.Rac1 Qb8 18.Nc6 Qb7 19.Na5 Qb8 20.Nc6 1/2-1/2

[Event "17th EUR-ch"]
[Site "Gjakova KOS"]
[Date "2016.05.19"]
[Round "7.38"]
[White "Blomqvist, Erik"]
[Black "Howell, David"]
[Result "0-1"]
[WhiteElo "2526"]
[BlackElo "2671"]
[EventDate "2016.05.12"]
[PlyCount "56"]

1.Nf3 d5 2.g3 g6 3.Bg2 Bg7 4.d4 c6 5.O-O Nh6 6.Re1 O-O 7.Nbd2 a5 8.e4 a4 
9.c3 b6 10.b4 axb3 11.Qxb3 dxe4 12.Rxe4 Nf5 13.Re1 b5 14.a4 Qa5 15.Ba3 
bxa4 16.Qc2 Qc7 17.Nc4 Bf6 18.Rab1 Nd6 19.Nxd6 exd6 20.Qd2 Bf5 21.Qf4 Bxb1
22.Qxf6 Bf5 23.Bxd6 Nd7 24.Qe7 Qd8 25.Qe3 Re8 26.Be7 Rxe7 27.Qxe7 Qxe7 28.
Rxe7 Be6 0-1

[Event "17th EUR-ch"]
[Site "Gjakova KOS"]
[Date "2016.05.19"]
[Round "7.39"]
[White "Areschenko, Alexander"]
[Black "Andersen, Mads"]
[Result "1/2-1/2"]
[WhiteElo "2667"]
[BlackElo "2505"]
[EventDate "2016.05.12"]
[PlyCount "69"]

1.e4 c5 2.Nf3 d6 3.Bb5+ Bd7 4.Bxd7+ Nxd7 5.O-O Ngf6 6.Qe2 e6 7.b3 g6 8.Bb2
Bg7 9.c4 O-O 10.d4 cxd4 11.Bxd4 Qa5 12.Bc3 Qc7 13.Nbd2 Rfd8 14.Rac1 a6 15.
h3 Rac8 16.Rfd1 Qb8 17.e5 dxe5 18.Nxe5 b5 19.Ndf3 Bh6 20.Rc2 bxc4 21.bxc4 
Qc7 22.Qe1 Nxe5 23.Bxe5 Rxd1 24.Qxd1 Qe7 25.Qd4 Bg7 26.c5 Qd8 27.Qa1 Ne8 
28.Bxg7 Nxg7 29.c6 Nf5 30.Qc1 Qd6 31.Rc4 Ne7 32.Qh6 Nf5 33.Qc1 Ne7 34.Qh6 
Nf5 35.Qc1 1/2-1/2

[Event "17th EUR-ch"]
[Site "Gjakova KOS"]
[Date "2016.05.19"]
[Round "7.41"]
[White "Moiseenko, Olexandr"]
[Black "Gasanov, Eldar"]
[Result "1/2-1/2"]
[WhiteElo "2663"]
[BlackElo "2496"]
[EventDate "2016.05.12"]
[PlyCount "109"]

1.d4 Nf6 2.c4 e6 3.Nc3 Bb4 4.Qc2 c5 5.dxc5 Bxc5 6.Nf3 Qb6 7.e3 Qc7 8.b3 a6
9.Bb2 Be7 10.g4 h6 11.Rg1 b6 12.h4 Bb7 13.Be2 Nc6 14.g5 Nh5 15.a3 O-O-O 
16.Rc1 hxg5 17.hxg5 Kb8 18.Nd5 exd5 19.cxd5 Rc8 20.Qf5 Rhf8 21.dxc6 dxc6 
22.Be5 Bd6 23.Bxd6 Qxd6 24.Qe5 Qc7 25.Rd1 Rce8 26.Qxc7+ Kxc7 27.g6 Nf6 28.
Bc4 fxg6 29.Rxg6 Re7 30.Nd4 Bc8 31.b4 c5 32.bxc5 bxc5 33.Nb3 Ng4 34.Nxc5 
Nxf2 35.Rc1 Rxe3+ 36.Be2 Kb8 37.Rb1+ Kc7 38.Rxg7+ Kd6 39.Rc1 Bg4 40.Rg6+ 
Kd5 41.Rg5+ Kd6 42.Rc2 Bxe2 43.Rxe2 Nd3+ 44.Nxd3 Rxd3 45.Rg6+ Kc5 46.Rxa6 
Kb5 47.Ra7 Kb6 48.Ra4 Rff3 49.Rb4+ Kc5 50.Rc2+ Rc3 51.Rxc3+ Rxc3 52.Ra4 
Kb5 53.Ra8 Rc2 54.Kd1 Rh2 55.a4+ 1/2-1/2

[Event "17th EUR-ch"]
[Site "Gjakova KOS"]
[Date "2016.05.19"]
[Round "7.42"]
[White "Haznedaroglu, Kivanc"]
[Black "Dreev, Alexei"]
[Result "0-1"]
[WhiteElo "2494"]
[BlackElo "2662"]
[EventDate "2016.05.12"]
[PlyCount "82"]

1.d4 d5 2.c4 e6 3.Nf3 Nf6 4.Nc3 Nbd7 5.e3 a6 6.cxd5 exd5 7.Bd3 Bd6 8.g4 h6
9.Rg1 c6 10.Qe2 Qe7 11.Bd2 Ne4 12.O-O-O Ndf6 13.Ne5 Nxd2 14.Rxd2 Bxe5 15.
dxe5 Qxe5 16.f4 Qe7 17.g5 hxg5 18.Rxg5 Kf8 19.e4 dxe4 20.Bxe4 Be6 21.Qg2 
Re8 22.Bf3 Bh3 23.Qg3 Qe1+ 24.Kc2 g6 25.Be2 Bf5+ 26.Bd3 Qxg3 27.hxg3 Nh7 
28.Rh2 Ke7 29.Rxf5 gxf5 30.Bxf5 Nf6 31.Rd2 Rd8 32.Re2+ Kf8 33.b4 Rh5 34.
Bd3 Rh3 35.Rg2 Ng4 36.Kd2 Rh1 37.Re2 Nf6 38.Rg2 Rd4 39.a3 Ra1 40.Ke3 Rd8 
41.a4 Ra3 0-1

[Event "17th EUR-ch"]
[Site "Gjakova KOS"]
[Date "2016.05.19"]
[Round "7.43"]
[White "Jones, Gawain"]
[Black "Valsecchi, Alessio"]
[Result "1-0"]
[WhiteElo "2657"]
[BlackElo "2494"]
[EventDate "2016.05.12"]
[PlyCount "67"]

1.e4 c5 2.Nf3 e6 3.d4 cxd4 4.Nxd4 Nf6 5.Nc3 d6 6.Be3 Be7 7.g4 h6 8.Qe2 Nc6
9.O-O-O Bd7 10.f4 Nxd4 11.Bxd4 Qa5 12.Rg1 e5 13.Be3 Rc8 14.g5 hxg5 15.fxg5
Nh5 16.Kb1 Nf4 17.Bxf4 Rxc3 18.Be3 Rc6 19.Rg3 Be6 20.b3 Rh4 21.Bc1 g6 22.
h3 Kf8 23.Rf3 Qb4 24.Qf2 Rxe4 25.Bd3 Rd4 26.Bxg6 Rxd1 27.Rxf7+ Ke8 28.Rf4+
Kd7 29.Rxb4 Bxg5 30.Rxb7+ Rc7 31.Qxa7 Rxb7 32.Qxb7+ Kd8 33.Qb8+ Bc8 34.Bf5
1-0

[Event "17th EUR-ch"]
[Site "Gjakova KOS"]
[Date "2016.05.19"]
[Round "7.44"]
[White "Studer, Noel"]
[Black "Volokytin, Andriy"]
[Result "1/2-1/2"]
[WhiteElo "2463"]
[BlackElo "2642"]
[EventDate "2016.05.12"]
[PlyCount "64"]

1.d4 Nf6 2.c4 g6 3.f3 e6 4.e4 c5 5.d5 d6 6.Ne2 Bg7 7.Bg5 exd5 8.cxd5 h6 9.
Be3 b5 10.Ng3 Nfd7 11.Qd2 b4 12.a3 a5 13.f4 O-O 14.Be2 Qf6 15.axb4 cxb4 
16.Ra2 b3 17.Ra3 Qxb2 18.Qxb2 Bxb2 19.Rxb3 Bg7 20.Ra3 h5 21.Bf3 Bb7 22.Kd2
Na6 23.Rxa5 Nac5 24.Rxa8 Rxa8 25.Nc3 Bxc3+ 26.Kxc3 Ra3+ 27.Kd2 h4 28.Bxc5 
Nxc5 29.Ne2 Ra2+ 30.Ke3 Ra3+ 31.Kd2 Ra2+ 32.Ke3 Ra3+ 1/2-1/2

[Event "17th EUR-ch"]
[Site "Gjakova KOS"]
[Date "2016.05.19"]
[Round "7.45"]
[White "Georgiev, Kiril"]
[Black "Petrov, Nikita"]
[Result "1/2-1/2"]
[WhiteElo "2640"]
[BlackElo "2475"]
[EventDate "2016.05.12"]
[PlyCount "76"]

1.e4 d5 2.exd5 Qxd5 3.d4 Nc6 4.Nf3 Bg4 5.Be2 e5 6.Nc3 Bb4 7.O-O Bxc3 8.
bxc3 e4 9.Ng5 Bxe2 10.Qxe2 f5 11.f3 Nf6 12.fxe4 fxe4 13.Nxe4 Qxe4 14.Qxe4+
Nxe4 15.Re1 O-O-O 16.Rxe4 Rhe8 17.Rxe8 Rxe8 18.Kf2 Na5 19.Bf4 Nc4 20.Re1 
Rxe1 21.Kxe1 c6 22.Ke2 Kd7 23.Kd3 Nb2+ 24.Ke4 Ke6 25.Be5 g6 26.Bf4 h5 27.
Bb8 a6 28.Bf4 Nc4 29.h3 Na3 30.Bc1 Nc4 31.Bf4 Na3 32.g3 Nc4 33.g4 hxg4 34.
hxg4 Nb6 35.Bd2 Nc4 36.Bf4 Nb6 37.Bc1 Nc4 38.Bf4 Nb6 1/2-1/2

[Event "17th EUR-ch"]
[Site "Gjakova KOS"]
[Date "2016.05.19"]
[Round "7.46"]
[White "Beliavsky, Alexander"]
[Black "Sanal, Vahap"]
[Result "1/2-1/2"]
[WhiteElo "2624"]
[BlackElo "2465"]
[EventDate "2016.05.12"]
[PlyCount "94"]

1.d4 Nf6 2.c4 e6 3.g3 d5 4.Bg2 Bb4+ 5.Bd2 Bxd2+ 6.Nxd2 O-O 7.Ngf3 Nbd7 8.
O-O c6 9.Qc2 b6 10.e4 Ba6 11.Rfe1 Rc8 12.Rad1 dxc4 13.Nxc4 Qe7 14.b3 Rfd8 
15.h4 h6 16.Bh3 Qf8 17.g4 g6 18.g5 hxg5 19.hxg5 Nh7 20.Qc1 Qe7 21.Qf4 Bxc4
22.bxc4 b5 23.c5 Rb8 24.e5 b4 25.Bf1 b3 26.axb3 Rxb3 27.Nd2 Rb4 28.Ne4 a5 
29.Rd3 Rdb8 30.Ree3 Kg7 31.Rh3 Rh8 32.Rh4 a4 33.Rdh3 Rxd4 34.Nf6 Nxg5 35.
Qxd4 Rxh4 36.Qxh4 Nxh3+ 37.Qxh3 Nxf6 38.exf6+ Qxf6 39.Qa3 Qd4 40.Be2 e5 
41.Kf1 e4 42.Ke1 f5 43.Bd1 f4 44.Qxa4 Qc3+ 45.Kf1 Qh3+ 46.Ke1 Qc3+ 47.Kf1 
Qh3+ 1/2-1/2

[Event "17th EUR-ch"]
[Site "Gjakova KOS"]
[Date "2016.05.19"]
[Round "7.47"]
[White "Ali Marandi, Cemil Can"]
[Black "Pantsulaia, Levan"]
[Result "0-1"]
[WhiteElo "2476"]
[BlackElo "2613"]
[EventDate "2016.05.12"]
[PlyCount "114"]

1.e4 c6 2.Nf3 d5 3.exd5 cxd5 4.Ne5 Nc6 5.d4 e6 6.c3 Bd6 7.Bb5 Ne7 8.O-O 
O-O 9.Bd3 f6 10.Qh5 Nf5 11.Nxc6 bxc6 12.f4 g6 13.Qe2 Qc7 14.Na3 Bd7 15.
Bxf5 exf5 16.Nc2 a5 17.Bd2 Rfe8 18.Qf2 Bc8 19.Rfe1 Ba6 20.Rxe8+ Rxe8 21.
Re1 Rb8 22.Bc1 Bd3 23.g3 Be4 24.Na1 a4 25.Nc2 Kf7 26.Ne3 h5 27.h4 Qb6 28.
Nd1 Qa6 29.Qd2 Qc4 30.a3 c5 31.Ne3 Qb3 32.Kh2 Rc8 33.dxc5 Bxc5 34.Qd1 d4 
35.cxd4 Bb6 36.Qxb3+ axb3 37.Rd1 Ba5 38.Kg1 Bf3 39.Bd2 Bxd1 40.Bxa5 Rc1 
41.Kf2 Bc2 42.Ke2 Rg1 43.Be1 Rh1 44.a4 Rh2+ 45.Bf2 Bd3+ 46.Ke1 Ke6 47.Nd1 
Kd6 48.Nc3 Ba6 49.a5 Rh1+ 50.Kd2 Ra1 51.Ke3 Rxa5 52.Kd2 Ra2 53.Kc1 Ra1+ 
54.Kd2 Rf1 55.Be1 Rf3 56.Kc1 Bc4 57.Na4 Re3 0-1

[Event "17th EUR-ch"]
[Site "Gjakova KOS"]
[Date "2016.05.19"]
[Round "7.48"]
[White "Khismatullin, Denis"]
[Black "Erdogdu, Mert"]
[Result "1-0"]
[WhiteElo "2609"]
[BlackElo "2439"]
[EventDate "2016.05.12"]
[PlyCount "57"]

1.c4 e6 2.Nf3 d5 3.d4 Nf6 4.Bg5 Bb4+ 5.Nc3 dxc4 6.e4 c5 7.Bxc4 cxd4 8.Nxd4
Bxc3+ 9.bxc3 Qa5 10.Bb5+ Nbd7 11.Bxf6 Qxc3+ 12.Kf1 gxf6 13.h4 a6 14.Ba4 b5
15.Bb3 Ne5 16.Rh3 Qb4 17.Rc1 Bd7 18.Nf3 Qxe4 19.Nxe5 Qxe5 20.Rd3 Ra7 21.
Qd2 Rg8 22.Bd5 Rg4 23.Bf3 Rxh4 24.g3 Rc4 25.Rd1 Rcc7 26.Bc6 Rxc6 27.Rxd7 
Rc1 28.Rd8+ Ke7 29.Re8+ 1-0

[Event "17th EUR-ch"]
[Site "Gjakova KOS"]
[Date "2016.05.19"]
[Round "7.49"]
[White "Yilmaz, Mustafa"]
[Black "Getz, Nicolai"]
[Result "1-0"]
[WhiteElo "2603"]
[BlackElo "2431"]
[EventDate "2016.05.12"]
[PlyCount "61"]

1.d4 Nf6 2.c4 e6 3.Nf3 d5 4.Nc3 dxc4 5.e4 Bb4 6.Bg5 c5 7.Bxc4 cxd4 8.Nxd4 
Bxc3+ 9.bxc3 Qa5 10.Bxf6 Qxc3+ 11.Kf1 gxf6 12.Rc1 Qa5 13.Bb5+ Ke7 14.e5 
fxe5 15.Qh5 Nd7 16.Qg5+ Kf8 17.Rxc8+ Rxc8 18.Bxd7 Qa6+ 19.Kg1 exd4 20.Bxc8
Qc6 21.Qd8+ Kg7 22.Qxd4+ Kg8 23.h4 Qc1+ 24.Kh2 Qxc8 25.Rb1 Qc7+ 26.Kg1 b6 
27.Rb3 e5 28.Qb4 Qc5 29.Qd2 f6 30.Rg3+ Kf7 31.Qd7+ 1-0

[Event "17th EUR-ch"]
[Site "Gjakova KOS"]
[Date "2016.05.19"]
[Round "7.50"]
[White "Firat, Burak"]
[Black "Saric, Ante"]
[Result "1-0"]
[WhiteElo "2461"]
[BlackElo "2594"]
[EventDate "2016.05.12"]
[PlyCount "101"]

1.e4 e6 2.d4 d5 3.Nc3 Nf6 4.e5 Nfd7 5.f4 c5 6.Nf3 Nc6 7.Be3 Be7 8.Qd2 O-O 
9.dxc5 Bxc5 10.O-O-O Qa5 11.a3 Rb8 12.Kb1 Bxe3 13.Qxe3 b5 14.f5 b4 15.axb4
Qxb4 16.b3 Nc5 17.Nd4 Nxd4 18.Rxd4 Qb6 19.Bb5 exf5 20.Nxd5 Qxb5 21.Rb4 Qd7
22.Rxb8 Qxd5 23.Rb5 Qxg2 24.Rg1 Qxh2 25.Rxc5 Be6 26.Rc3 g6 27.Kb2 h5 28.
Rd3 f4 29.Qd4 Re8 30.Rd2 Qh4 31.Qe4 Kh7 32.Qa4 Re7 33.Rf1 g5 34.Qe4+ Kh6 
35.Rd8 Kg7 36.Qa8 Kg6 37.Qe4+ Kg7 38.Rh1 Qg4 39.Qb4 Rc7 40.Qf8+ Kg6 41.
Qg8+ Kf5 42.Qh7+ Kxe5 43.Re1+ Kf6 44.Re8 Rc5 45.Qh6+ Kf5 46.R8xe6 Qg3 47.
Qf6+ Kg4 48.R6e2 Qf3 49.Rg1+ Kh3 50.Rd2 Qe4 51.Rxg5 1-0

[Event "17th EUR-ch"]
[Site "Gjakova KOS"]
[Date "2016.05.20"]
[Round "8.1"]
[White "Navara, David"]
[Black "Inarkiev, Ernesto"]
[Result "0-1"]
[WhiteElo "2735"]
[BlackElo "2686"]
[EventDate "2016.05.12"]
[PlyCount "74"]

1.d4 Nf6 2.c4 e6 3.Nc3 Bb4 4.e3 O-O 5.Bd3 d5 6.cxd5 exd5 7.Ne2 Re8 8.O-O 
Bf8 9.Bd2 b6 10.Nf4 Bb7 11.Qf3 a6 12.Rad1 Ra7 13.Bc2 c5 14.dxc5 bxc5 15.
Qh3 g6 16.Nce2 Bc6 17.Bc3 Nbd7 18.Bb3 Qa8 19.g4 Ne5 20.g5 d4 21.f3 dxc3 
22.gxf6 c4 23.Bc2 Nxf3+ 24.Kf2 cxb2 25.Qg3 Qb8 26.Nc3 Ne5 27.h4 Rd7 28.h5 
Qd8 29.hxg6 fxg6 30.Rxd7 Qxd7 31.Kg1 Kf7 32.Ne4 Bh6 33.Qh4 Bxe4 34.Bxe4 
Qg4+ 35.Qxg4 Nxg4 36.Bd5+ Kxf6 37.Nxg6+ Kg5 0-1

[Event "17th EUR-ch"]
[Site "Gjakova KOS"]
[Date "2016.05.20"]
[Round "8.2"]
[White "Wojtaszek, Radoslaw"]
[Black "Ter-Sahakian, Samvel"]
[Result "1-0"]
[WhiteElo "2722"]
[BlackElo "2601"]
[EventDate "2016.05.12"]
[PlyCount "97"]

1.d4 d5 2.c4 c6 3.Nf3 Nf6 4.e3 e6 5.Bd3 dxc4 6.Bxc4 Nbd7 7.O-O Bd6 8.Nc3 
O-O 9.e4 e5 10.h3 h6 11.Be3 Re8 12.Re1 b5 13.Bb3 a6 14.dxe5 Nxe5 15.Nxe5 
Bxe5 16.Qxd8 Rxd8 17.Red1 Be6 18.Bxe6 fxe6 19.f3 Kf7 20.Rac1 Rac8 21.Rxd8 
Rxd8 22.Ne2 Rc8 23.b4 Bd6 24.a3 Nd7 25.f4 c5 26.e5 Be7 27.Ng3 c4 28.Ne4 
Rc6 29.Rd1 Nb6 30.Bxb6 Rxb6 31.Kf2 Rc6 32.Ke3 Ke8 33.g4 a5 34.Nc3 axb4 35.
axb4 Rb6 36.Rb1 Kd7 37.Ke4 Rb8 38.f5 h5 39.fxe6+ Kxe6 40.Nd5 hxg4 41.hxg4 
Rc8 42.Nc3 Rb8 43.Ne2 Rb6 44.Ra1 Rb7 45.Nf4+ Kf7 46.e6+ Kf6 47.g5+ Kxg5 
48.Rg1+ Kh6 49.Ng6 1-0

[Event "17th EUR-ch"]
[Site "Gjakova KOS"]
[Date "2016.05.20"]
[Round "8.3"]
[White "Bartel, Mateusz"]
[Black "Goganov, Aleksey"]
[Result "0-1"]
[WhiteElo "2653"]
[BlackElo "2600"]
[EventDate "2016.05.12"]
[PlyCount "82"]

1.e4 e5 2.Nf3 Nc6 3.Bb5 Nf6 4.d3 Bc5 5.Bg5 h6 6.Bh4 Qe7 7.Nc3 g5 8.Bg3 d6 
9.O-O Bg4 10.h3 Bh5 11.Na4 Nd7 12.c3 Qf6 13.d4 Bxf3 14.Qxf3 Qxf3 15.gxf3 
Bb6 16.Rfd1 f6 17.b3 a6 18.Bxc6 bxc6 19.Nb2 Nf8 20.Nc4 Ne6 21.Rd2 exd4 22.
Nxb6 cxb6 23.cxd4 d5 24.Rc1 Kd7 25.Kf1 a5 26.a4 Rhd8 27.Ke2 Rac8 28.h4 Ke7
29.hxg5 hxg5 30.e5 f5 31.f4 Rh8 32.f3 gxf4 33.Bf2 Rh2 34.Rg1 c5 35.dxc5 
Rxc5 36.Rb1 d4 37.b4 d3+ 38.Kf1 Rc2 39.Rxc2 dxc2 40.Rc1 Rh1+ 41.Bg1 Nd4 
0-1

[Event "17th EUR-ch"]
[Site "Gjakova KOS"]
[Date "2016.05.20"]
[Round "8.4"]
[White "Saric, Ivan"]
[Black "Kovalenko, Igor"]
[Result "0-1"]
[WhiteElo "2650"]
[BlackElo "2644"]
[EventDate "2016.05.12"]
[PlyCount "124"]

1.e4 e6 2.d4 d5 3.Nc3 Bb4 4.e5 c5 5.a3 Bxc3+ 6.bxc3 Qa5 7.Bd2 Qa4 8.Qg4 
Kf8 9.Qd1 b6 10.Bd3 Ba6 11.dxc5 bxc5 12.Nf3 Ne7 13.h4 Nd7 14.h5 Bxd3 15.
cxd3 Qxd1+ 16.Kxd1 h6 17.Rb1 Nc6 18.Rh3 Ke8 19.Rg3 Rh7 20.Rb5 Kd8 21.c4 d4
22.Bf4 Kc7 23.Nd2 a6 24.Rb2 Rf8 25.Ne4 g5 26.hxg6 fxg6 27.Bd2 g5 28.Rh3 
Rhh8 29.Ke2 Ncxe5 30.Rb1 Kc6 31.Rbh1 Nf7 32.f4 gxf4 33.Bxf4 Rfg8 34.g3 Rg6
35.Rh5 e5 36.Bd2 Rb8 37.Bxh6 Nd6 38.Nxd6 Kxd6 39.Bg5 Kc7 40.Kf3 Rbg8 41.
Bh4 Rf8+ 42.Ke2 Rb8 43.Rf1 Rb2+ 44.Kf3 Rd2 45.Ke4 Re2+ 46.Kf5 Rg8 47.Bg5 
Rf8+ 48.Ke6 Rxf1 49.Rh7 Rf8 50.Rxd7+ Kc8 51.Rd5 e4 52.Rxc5+ Kb7 53.dxe4 
Rxe4+ 54.Kd5 Rg4 55.Kd6 d3 56.Ke7 Rc8 57.Rd5 Rxg3 58.Bf4 Rf3 59.Rd4 Kc6 
60.Bd2 Kc5 61.Re4 Rb8 62.Kd7 Rf7+ 0-1

[Event "17th EUR-ch"]
[Site "Gjakova KOS"]
[Date "2016.05.20"]
[Round "8.5"]
[White "Hovhannisyan, Robert"]
[Black "Vitiugov, Nikita"]
[Result "1-0"]
[WhiteElo "2632"]
[BlackElo "2721"]
[EventDate "2016.05.12"]
[PlyCount "108"]

1.e4 c5 2.Nf3 Nc6 3.d4 cxd4 4.Nxd4 e6 5.Nc3 d6 6.g4 a6 7.Be3 h6 8.Rg1 Bd7 
9.Qd2 b5 10.Nxc6 Bxc6 11.f3 Nf6 12.O-O-O Nd7 13.Ne2 Bb7 14.Nd4 Be7 15.Kb1 
Rc8 16.h4 Bxh4 17.g5 Bxg5 18.Bxg5 hxg5 19.Bxb5 axb5 20.Nxb5 Rc6 21.Nxd6+ 
Rxd6 22.Qxd6 Bc8 23.b3 Qa5 24.Qc6 Ke7 25.Qd6+ Ke8 26.Qc6 Ke7 27.Qd6+ Ke8 
28.Rg2 Qe5 29.Qxe5 Nxe5 30.Rxg5 Nxf3 31.Rc5 Bd7 32.Rd3 Rh3 33.Kb2 g5 34.
Rc7 Bb5 35.c4 Ba6 36.Rd6 Rh2+ 37.Ka3 Bxc4 38.Rxc4 g4 39.Rc3 Ke7 40.Rdd3 
Re2 41.Re3 Rxe3 42.Rxe3 Kd6 43.Kb4 f5 44.exf5 exf5 45.Kc3 Ne5 46.Kd4 Nc6+ 
47.Kd3 Kd5 48.a4 f4 49.Re8 g3 50.Rg8 Ne5+ 51.Ke2 Ke4 52.a5 f3+ 53.Kf1 g2+ 
54.Kg1 Kd5 1-0

[Event "17th EUR-ch"]
[Site "Gjakova KOS"]
[Date "2016.05.20"]
[Round "8.6"]
[White "Vallejo Pons, Francisco"]
[Black "Lupulescu, Constantin"]
[Result "1-0"]
[WhiteElo "2700"]
[BlackElo "2620"]
[EventDate "2016.05.12"]
[PlyCount "81"]

1.e4 e6 2.d4 d5 3.Nc3 Nf6 4.e5 Nfd7 5.f4 c5 6.Nf3 Nc6 7.Be3 a6 8.Ne2 b5 9.
a3 Rb8 10.c3 g6 11.g4 Nb6 12.dxc5 Nc4 13.Qc1 N6a5 14.Ned4 Bxc5 15.Bf2 Bd7 
16.Be2 Nc6 17.O-O Nxd4 18.cxd4 Be7 19.b3 Na5 20.Qb2 f5 21.exf6 Bxf6 22.
Rac1 Nc6 23.Ne5 Rc8 24.a4 Nxe5 25.dxe5 Rxc1 26.Rxc1 Be7 27.f5 gxf5 28.gxf5
exf5 29.Qd2 Rg8+ 30.Kf1 f4 31.Bh5+ Kf8 32.Qxf4+ Kg7 33.e6 Bg5 34.Qe5+ Kh6 
35.Bf7 Bxc1 36.Qh5+ Kg7 37.Bd4+ Kf8 38.Bc5+ Kg7 39.Bd4+ Kf8 40.Bxg8 Be8 
41.Qxh7 1-0

[Event "17th EUR-ch"]
[Site "Gjakova KOS"]
[Date "2016.05.20"]
[Round "8.7"]
[White "Salgado Lopez, Ivan"]
[Black "Fressinet, Laurent"]
[Result "0-1"]
[WhiteElo "2618"]
[BlackElo "2692"]
[EventDate "2016.05.12"]
[PlyCount "56"]

1.e4 e5 2.Nf3 Nc6 3.Bb5 a6 4.Ba4 Nf6 5.O-O Be7 6.Bxc6 dxc6 7.d3 Nd7 8.b3 
O-O 9.Bb2 f6 10.Nbd2 Nc5 11.Nh4 Rf7 12.Nf5 Bf8 13.f4 g6 14.Ng3 exf4 15.
Rxf4 Ne6 16.Rf1 c5 17.Ne2 a5 18.a4 b6 19.Nf3 Bh6 20.Qe1 Bb7 21.h3 Qe7 22.
Nh2 Bg7 23.Ng4 Raf8 24.Qd2 f5 25.exf5 Rxf5 26.Rxf5 gxf5 27.Ne5 f4 28.d4 
Qg5 0-1

[Event "17th EUR-ch"]
[Site "Gjakova KOS"]
[Date "2016.05.20"]
[Round "8.8"]
[White "Cheparinov, Ivan"]
[Black "Anton Guijarro, David"]
[Result "1/2-1/2"]
[WhiteElo "2685"]
[BlackElo "2616"]
[EventDate "2016.05.12"]
[PlyCount "180"]

1.d4 Nf6 2.c4 e6 3.Nf3 b6 4.g3 Bb7 5.Bg2 Be7 6.O-O O-O 7.Nc3 Ne4 8.Bd2 d5 
9.cxd5 exd5 10.Qa4 Nd7 11.Rfd1 f5 12.b4 Kh8 13.Qb3 Ndf6 14.Rac1 Nxd2 15.
Rxd2 a5 16.b5 Ne4 17.Rdc2 Bb4 18.Na4 Bd6 19.e3 g5 20.Ne5 Qe7 21.Nc3 a4 22.
Nxa4 Qg7 23.Nc3 Ra3 24.Qb1 Rfa8 25.g4 Nxc3 26.Rxc3 fxg4 27.Rxa3 Bxa3 28.
Rc3 Qe7 29.Qc2 Bd6 30.Nxg4 Rf8 31.Ne5 Kg7 32.a4 Kh8 33.Qb3 Bxe5 34.dxe5 
Qxe5 35.Qb4 Rf7 36.Rc1 Kg7 37.Rd1 h6 38.Rd4 Qf5 39.Qb2 Qf6 40.Qa2 Qf5 41.
Qb2 Qf6 42.Qe2 Qf5 43.Rd1 Qe5 44.Qa2 Qf5 45.Qb2+ Qf6 46.Qxf6+ Kxf6 47.Bxd5
Rd7 48.Bf3 Rxd1+ 49.Bxd1 Bd5 50.f3 Ke5 51.Kf2 Be6 52.Kg3 Bd7 53.Bc2 Be6 
54.f4+ gxf4+ 55.exf4+ Kf6 56.Kf3 Bd5+ 57.Ke3 Bf7 58.Kd4 Be6 59.Kc3 Bd5 60.
Kb4 Bb7 61.a5 bxa5+ 62.Kxa5 Ke6 63.Kb4 Kf6 64.Kc5 Bf3 65.Bd3 Bg2 66.Kd4 
Bf3 67.Ke3 Bd5 68.Bf1 Bf7 69.Ke4 Be8 70.Bd3 Bd7 71.Kd5 Be8 72.Kc5 Ke6 73.
Be4 Kf6 74.Bd3 Bd7 75.Bf1 Kg6 76.Bd3+ Kf6 77.Be4 Be8 78.Bc6 Bh5 79.Bd7 Bf3
80.Kb4 Bb7 81.Bg4 Kg6 82.Kc5 Kf6 83.Bd7 Bf3 84.Bc8 Be4 85.Kb4 Bf3 86.Ka5 
Be2 87.Bd7 Ke7 88.Bc6 Kf6 89.Be4 Bc4 90.Kb4 Bf7 1/2-1/2

[Event "17th EUR-ch"]
[Site "Gjakova KOS"]
[Date "2016.05.20"]
[Round "8.9"]
[White "Piorun, Kacper"]
[Black "Parligras, Mircea-Emilian"]
[Result "1-0"]
[WhiteElo "2681"]
[BlackElo "2599"]
[EventDate "2016.05.12"]
[PlyCount "87"]

1.e4 c6 2.d4 d5 3.Nc3 dxe4 4.Nxe4 Bf5 5.Ng3 Bg6 6.h4 h6 7.Nf3 Nd7 8.h5 Bh7
9.Bd3 Bxd3 10.Qxd3 e6 11.Bd2 Ngf6 12.O-O-O Be7 13.Kb1 Qb6 14.Rhe1 O-O 15.
Nf5 exf5 16.Rxe7 Qd8 17.Re2 Ne4 18.Bf4 Ndf6 19.Bh2 Ng4 20.Bg1 Re8 21.c4 a5
22.Qc2 a4 23.Ne1 Ngf6 24.f3 Ng3 25.Rxe8+ Qxe8 26.Nd3 a3 27.Nc5 b6 28.Na4 
Nd7 29.c5 bxc5 30.dxc5 axb2 31.Nb6 Ra7 32.Bf2 f4 33.Re1 Qf8 34.Qd3 Nf6 35.
Qd6 Qxd6 36.cxd6 Nf5 37.Nd5 Rb7 38.Nxf6+ gxf6 39.Rd1 Rd7 40.Bc5 Ng7 41.a4 
Ne6 42.Bb6 Rb7 43.a5 Nf8 44.Re1 1-0

[Event "17th EUR-ch"]
[Site "Gjakova KOS"]
[Date "2016.05.20"]
[Round "8.10"]
[White "Zubov, Alexander"]
[Black "Nisipeanu, Liviu-Dieter"]
[Result "1/2-1/2"]
[WhiteElo "2612"]
[BlackElo "2669"]
[EventDate "2016.05.12"]
[PlyCount "22"]

1.d4 Nf6 2.c4 e6 3.Nf3 d5 4.e3 a6 5.b3 c5 6.Bb2 Nc6 7.cxd5 exd5 8.Nbd2 
cxd4 9.Nxd4 Bd6 10.Be2 O-O 11.O-O Qe7 1/2-1/2

[Event "17th EUR-ch"]
[Site "Gjakova KOS"]
[Date "2016.05.20"]
[Round "8.11"]
[White "Jobava, Baadur"]
[Black "Demchenko, Anton"]
[Result "1-0"]
[WhiteElo "2661"]
[BlackElo "2589"]
[EventDate "2016.05.12"]
[PlyCount "87"]

1.d4 Nf6 2.Nc3 d5 3.Bf4 g6 4.Qd2 Bg7 5.Bh6 Bxh6 6.Qxh6 Bf5 7.Qd2 c5 8.e3 
cxd4 9.exd4 Nc6 10.f3 h5 11.Bb5 Qd6 12.Nge2 a6 13.Bxc6+ Qxc6 14.O-O h4 15.
a4 a5 16.Rfe1 Kf8 17.Nf4 e6 18.Rac1 Ne8 19.Nb5 Nd6 20.Nd3 Bxd3 21.cxd3 Qb6
22.Qf4 Nxb5 23.axb5 Rh5 24.Rc5 Kg8 25.Qf6 Rh8 26.Rec1 Qd8 27.Qxd8+ Rxd8 
28.Rc7 Kg7 29.Rxb7 Rb8 30.Rxb8 Rxb8 31.Rc5 Kf6 32.Kf2 a4 33.Ke3 Ra8 34.b6 
Rb8 35.Rb5 Ke7 36.Kd2 Kd6 37.Kc3 Kc6 38.Kb4 Kb7 39.Rc5 Ka6 40.Ra5+ Kb7 41.
Kb5 Rc8 42.Ra7+ Kb8 43.Rxf7 Rc2 44.Ka6 1-0

[Event "17th EUR-ch"]
[Site "Gjakova KOS"]
[Date "2016.05.20"]
[Round "8.13"]
[White "Berkes, Ferenc"]
[Black "Palac, Mladen"]
[Result "1/2-1/2"]
[WhiteElo "2636"]
[BlackElo "2577"]
[EventDate "2016.05.12"]
[PlyCount "41"]

1.d4 Nf6 2.Bf4 d5 3.e3 e6 4.Nd2 Bd6 5.Bg3 O-O 6.Bd3 b6 7.Ngf3 Ba6 8.O-O 
Bxg3 9.hxg3 c5 10.Rc1 Bxd3 11.cxd3 Nbd7 12.Rc3 Rc8 13.Qa4 cxd4 14.Qxd4 Qe7
15.Rfc1 e5 16.Qa4 Rxc3 17.Rxc3 Nc5 18.Qc2 e4 19.dxe4 dxe4 20.Nd4 Ng4 21.
Qd1 1/2-1/2